书目信息 |
| 书名: | Encyclopaedic dictionary of physics | |
| 作者: | editor-in-chief: J. Thewlis, associate editors: R.C. Glass, D.J. Hughes, A.R. Meetham. | |
| 分册号: | ||
| 分册名: | supplementary volume 4 : | 出版地: | Oxford ; |
|
| 出版社: | Pergamon Press | |
| 出版时间: | 1961-64. | |
| 页数: | 9 v. : | |
| 开本: | 26 cm. | |
| 丛书名: | ||
| 中图分类号: | ||
| 科图分类号: | ||
| 其他分类号: | O4:H-61 | |
| 主题词: | ||
| 电子资源: | ||
| 000 | 00870cam 2200193Ma 4504 | |
| 001 | E0741016106 | |
| 005 | 20070302112636.20 | |
| 008 | 910404m19611964nyua d 00000 eng | |
| 010 | @a60007069 | |
| 040 | @aDLC@cPUL@dDNU | |
| 090 | @aP310.43/W1 | |
| 090 | @aO4:H-61 | |
| 099 | @dO4:H-61@ex5 | |
| 245 | 00 | @aEncyclopaedic dictionary of physics.@psupplementary volume 4 :@bgeneral, nuclear, solid state, molecular, chemical, metal and vacuum physics, astronomy, geophysics, biophysics, and related subjects / @ceditor-in-chief: J. Thewlis, associate editors: R.C. Glass, D.J. Hughes, A.R. Meetham. |
| 260 | 0 | @aOxford ;@aNew York :@bPergamon Press,@c1961-64. |
| 300 | @a9 v. :@bill. ;@c26 cm. | |
| 500 | @aVol. 9: Multilingual glossary; English, French, German, Spanish. Russian, Japanese. | |
| 504 | @aIncludes bibliographies. | |
| 650 | 0 | @aPhysics@xDictionaries. |
| Encyclopaedic dictionary of physics.. supplementary volume 4 : : general, nuclear, solid state, molecular, chemical, metal and vacuum physics, astronomy, geophysics, biophysics, and related subjects / / editor-in-chief: J. Thewlis, associate editors: R.C. Glass, D.J. Hughes, A.R. Meetham.-Oxford ; ; New York : : Pergamon Press, , 1961-64. |
| 9 v. : : ill. ; ; 26 cm. |
| Vol. 9: Multilingual glossary; English, French, German, Spanish. Russian, Japanese.-Includes bibliographies. |
| ISBN |
| ● |
| 相关链接 |
|
|
|
|
正题名:Encyclopaedic dictionary of physics
索取号:O4:H-61/x5
 
预约/预借
| 序号 | 登录号 | 条形码 | 馆藏地/架位号 | 状态 | 备注 |
| 1 | 03240 | 000451567 | 第四借阅区/ [索取号:O4:H-61/x5] | 在馆 |